000 00276nam a2200097Ia 4500
001 647649
005 20250826153706.0
008 250824s9999 xx 000 0 und d
245 0 _aROBİNSON CRUOSE ANTİK OKUL KLASİKLERİ
_cDANIEL DEFOE
260 _bANTİK DÜNYA KLASİKLERİ
999 _c647649
_d647649